| 000 | 00768nac a22001931u 4500 | ||
|---|---|---|---|
| 008 | 090607t xxu||||| |||| 00| 0 eng d | ||
| 020 | _a8189757245 | ||
| 082 |
_a333.7 _bSAE |
||
| 100 |
_aSaeed, S. hasan _95870 |
||
| 245 |
_aNon-Conventional Energy Resources/ _cS. Hasan Saeed & D. K. Sharma |
||
| 260 |
_aNew Delhi: _bS. K. Kataria, _c2007 |
||
| 300 |
_a344p.: _bill.; _c22 cm. |
||
| 500 | _aDistributer: Al-Ahram | ||
| 650 |
_aPower resources _95871 |
||
| 650 |
_aRenewable energy resources _95872 |
||
| 700 |
_aSharma, D. K. _95873 |
||
| 942 |
_cBB _k333.7SAE _2ddc |
||
| 999 |
_c11756 _d11756 |
||